000 01076nam a2200181 a 4500
005 20260221183024.0
008 260220s2026##################000#0#eng##
020 _a9780198297468
_qhbk
041 _aeng
082 0 4 _a320.54
_bMOO
100 _aMoore, Margaret
245 1 0 _aThe Ethics of Nationalism
_c/ Margaret Moore
260 _bOxford Univ Pr on Demand
_c2001
300 _a260p,;
_c20 cm.
504 _aindex
520 _aBlending a philosophical discussion of the ethical merits and limits of nationalism, a detailed understanding of nationalist aspirations, and a variety of national conflict zones, this outstanding book discusses the controversial and contemporary issues of rights of secession. It also addresses the policies of the state in privileging a particular national group, the kinds of accommodations of minority nationals, and multi-cultural identity groups that are justifiable and appropriate. These insights are then applied to two central nationalist aspirations: nation-building and national self-determination projects.
942 _cENGLISH
999 _c614685
_d614685